| 000 | 00765nam a2200205Ii 4500 | ||
|---|---|---|---|
| 003 | JO-AjNU | ||
| 008 | 230605s9999||||xx |||||||||||||| ||und|| | ||
| 040 |
_aJO-AjNU _bara _erda _cJO-AjNU |
||
| 041 | _aara | ||
| 050 | 1 | 4 | _aQA73.2 H6412 |
| 100 | 3 |
_aهويل، بول/ م . مشارك حسن العزة, _eauthor _933352 |
|
| 245 | 0 | 0 | _a مبادىء الرياضيات و تطبيقاتها في الاقتصاد و التجارة و العلوم الإدارية |
| 250 | _aط1 | ||
| 264 | 3 | 1 | _aعمان:مركز الكتب الاردني ، 1983 |
| 300 | _a304ص | ||
| 336 |
_atext _btxt _2rdacontent |
||
| 337 |
_aunmediated _bn _2rdamedia |
||
| 338 |
_avolume _bnc _2rdacarrier |
||
| 650 | 4 |
_aالرياضيات - الاقتصاد الاداري _933353 |
|
| 999 |
_aA13566 _c17134 _d17134 |
||